00458 2200169 4500001002100000005001500021035002000036245004800056100002200104300001700126260004800143082000800191084001400199020002200213008004100235990001200276INLIS00000000000332420251222091439 a0010-12250001451 aHunter x Hunter Vol.11 /cYoshihiro Togashi0 aYoshihiro Togashi c11,5 x 17 cm aJakarta :bPT. Elek Media Komputindo,c2014 a700 a700 YOS h a978-602-02-4514-0251222 0  a0754507